| 000 | 00499nam a2200169 4500 | ||
|---|---|---|---|
| 999 |
_c164022 _d164022 |
||
| 005 | 20190508155358.0 | ||
| 010 | _aENG-125144 | ||
| 020 |
_a9789385606151 _c350.00 |
||
| 035 | _aEN-108676 | ||
| 037 | _bDBAD/PUB | ||
| 082 | _a894.812 | ||
| 245 |
_aHe my beloved cj : _bRosy Thomas/ _ctranslated by G.Arunima |
||
| 260 |
_aNew Delhi _bWomen Unlimited _c2018 |
||
| 270 |
_a7/10, Sarvapriya Vihar _bNew Delhi _e110016 |
||
| 300 |
_a178p. _c22cm(pbk) |
||
| 942 |
_2ddc _cEN _h894.812 _mHEM |
||